Responses for Show #928 - Wednesday, September 21, 1988

Chris Shea game 1.
Missing introductions.

Contestants

[<< previous game]

Chris Shea, a radio operator from Los Angeles, California

Marcie Kudoda, a teacher from WKBW search in Buffalo

Gary Smith, a lawyer from Toronto, Ontario (whose 1-day cash winnings total $3,600)

[next game >>]

Jeopardy! Round responses

STARTS WITH "V"
THE 1950s
LANDMARKS
SONG LYRICS
"WILD" MEN
PERFUME
    $100 1
venison

Chris
    $100 16
the Mayflower

Marcie
    $100 7
Beethoven

Gary
    $100 24
danced

Chris
    $100 11
Wild Bill Hickok

Marcie
    $100 21
Zen

Chris
    $200 2
Voice of America

Chris
    $200 17
the 5th Amendment

Chris
    $200 6
the Blarney Stone

Chris
    $200 25
"Tomorrow"

Gary
    $200 12
Oscar Wilde

Chris
    $300 22
(Alex: The incomparable Frank Sinatra singing "The One Note [*]"... we've got a minute to go, select.)
[The song was not reprised going into the break.]

the Samba

Chris
    $300 3
(2 of) Venezuela, Vatican City, Vietnam or Vanuatu

Triple Stumper
    $300 18
advertisements

Gary
    $300 8
Versailles

Chris
    $300 26
a kiss

Gary
    $300 13
Michael Wilding

Gary
    $300 23
White Shoulders

Marcie
    $400 4
a venue

Chris
    $400 19
(Alex: Yes, Willie Mays.)

playing baseball

Chris
    $400 9
Westminster Abbey

Gary
    $400 14
Billy Wilder

Triple Stumper
    $400 27
Karl Lagerfeld

Triple Stumper
    $500 5
a vanguard

Chris
    $500 20
Howard Hughes

Chris
    $500 10
the Cloisters

Gary
    $500 15
Cornel Wilde

Marcie
    $500 28
[The end-of-round signal sounds.]

Cartier

Chris

Scores at the first commercial break (after clue 15):

Gary Marcie Chris
$1,300 $600 $1,900

Scores at the end of the Jeopardy! Round:

Gary Marcie Chris
$2,100 $1,000 $4,000

Double Jeopardy! Round responses

U.S. STATES
FRENCH ROYALTY
LITERATURE
COLLEGES & UNIVERSITIES
LEFTOVERS
FLOWERS
    $200 7
Kansas

Marcie
    $200 1
Mary, Queen of Scots

Gary
    $200 11
(Alex: The Picture of [*], correct.)

Dorian Gray

Chris
    $200 15
the United Negro College Fund

Chris
    $200 20
(Chris: What is a bootlegger?)

rum runner

Chris
Triple Stumper
    $200 25
Narcissus

Marcie
    $400 8
Indiana

Marcie
    $400 2
Louis XVI

Gary
    $400 12
Philip Marlowe

Gary
    $400 17
Preliminary Scholastic Aptitude Test

Chris
    $400 21
Ferdinand Marcos

Gary
    $1,500 9
(Marcie: What is Alaska?)

Hawaii

Marcie
    $600 3
Charles I

Chris
    $600 6
[Marcie did not include the leading article in her response.]

A Tale of Two Cities

Marcie
    $1,500 16
(2 of) the University of Southern California, the University of South Carolina (the University of Santa Clara or the University of South Colorado)

Chris
    $600 22
Pizarro

Gary
    $800 10
Nevada

Chris
    $800 4
Marie Antoinette

Marcie
    $800 13
Malfi

Chris
    $800 18
Poland

Chris
    $800 23
(Alex: We've got less than a minute.)

the mafia

Chris
    $800 27
a four o'clock

Marcie
    $1000 26
Vermont

Marcie
    $1000 5
Napoleon Bonaparte

Chris
    $1000 14
(Gary: Who is Babbitt?)

Dodsworth

Gary
Triple Stumper
    $1000 19
St. Louis

Triple Stumper
    $1000 24
(Alex: Not fast enough, Chris.)

Tehran

Triple Stumper
    $1000 28
[The end-of-round signal sounds.]

a primrose

Chris

Scores at the end of the Double Jeopardy! Round:

Gary Marcie Chris
$3,100 $3,500 $11,900
(lock game)

[wagering suggestions for these scores]

Final Jeopardy! Round responses

THE MOVIES
(Alex: [To Chris] Remembering Mutiny on the Bounty...)
GaryWho was Napoleon?
$500
MarcieWho is Henry VIII?
$400
ChrisWho is Capt Bligh?
$1,900
William Bligh

Final scores:

Gary Marcie Chris
$2,600 $3,100 $13,800
3rd place: Kosta Boda crystal stemware 2nd place: trip on Eastern to Las Vegas & stay at the Hilton New champion: $13,800

Game dynamics:

Coryat scores:

Gary Marcie Chris
$3,100 $5,000 $10,900
12 R,
1 W
11 R,
1 W
(including 1 DD)
25 R
(including 2 DDs),
1 W

Combined Coryat: $19,000

[game clues] [game scores] [suggest correction]

Game tape date: 1988-07-20
The J! Archive is created by fans, for fans. Scraping, republication, monetization, and malicious use prohibited; this site may use cookies and collect identifying information. See terms. The Jeopardy! game show and all elements thereof, including but not limited to copyright and trademark thereto, are the property of Jeopardy Productions, Inc. and are protected under law. This website is not affiliated with, sponsored by, or operated by Jeopardy Productions, Inc. Join the discussion at JBoard.tv.